00657nam a2200265Ia 4500008004100000020001300041050001000054050001400064100001800078245002400096245003900120245002100159250001900180260001000199260001700209260000900226300002100235300002000256300001000276500002000286650003900306650001600345700001100361999001900372170711s9999 xx 000 0 und d a60736712 a973.9 bF828 2004 aFrank, Justin aBush on the couch : binside the mind of the president / cby Justin Frank. aFirst edition. aUSA : bRegan Books, c2004 axix, 268 pages : billustrations ; c23cm. aIncludes index. aBush, George W. (George Walker) -- xPsychology. aTitle. c339677d339677